00424pab a2200133 454500008004000000100001800040245012200058260000900180300001500189362000800204650002200212700002100234773003500255180718b2012 xxu||||| |||| 00| 0 eng d aDodgson, Mark aGovernment policy, university strategy and the academic entrepreneur: The case of Queensland's Smart State Institutes c2012 ap.567-585. aMay aUniversities  aStaggs, Jonathan aCambridge Journal of Economics